000 00316nam a2200121Ia 4500
005 20251222144816.0
008 251222s9999||||xx |||||||||||||| ||spa||
082 _a278.385/V23
100 _aVallejo Lagos, Mauro
245 0 _aProvincia misionera San Francisco Solano del PerĂº
264 _bCentenario
942 _cLIB
999 _c20295
_d20295